Вып. 246: Режим и исследования озер и водохранилищ: [сборник трудов]; Труды государственного гидрологического института

Dettagli Bibliografici
Parent link:Труды государственного гидрологического института: [сборник]/ Государственный гидрологический институт (ГГИ). Вып. 246: Режим и исследования озер и водохранилищ.— , 1936-
Altri autori: Знаменский В. А. (редактор)
Lingua:russo
Pubblicazione: 1977
Soggetti:
Natura: MixedMaterials Libro
KOHA link:https://koha.lib.tpu.ru/cgi-bin/koha/opac-detail.pl?biblionumber=352078

MARC

LEADER 00000nam2a2200000 4500
001 352078
005 20231102010450.0
035 |a (RuTPU)RU\TPU\retro\8249 
035 |a RU\TPU\retro\8152 
035 |a RU\TPU\book\298850 
090 |a 352078 
100 |a 20191115d1977 k y0rusy50 ca 
101 0 |a rus 
102 |a RU 
105 |a a z 001zy 
200 0 |a Вып. 246: Режим и исследования озер и водохранилищ  |e [сборник трудов]  |f под ред. В. А. Знаменского 
210 |d 1977 
215 |a 148 с.  |c ил. 
320 |a Библиография в конце статей 
461 1 |0 (RuTPU)RU\TPU\retro\7661  |t Труды государственного гидрологического института  |o [сборник]  |f Государственный гидрологический институт (ГГИ)  |v Вып. 246: Режим и исследования озер и водохранилищ  |d 1936-  
606 1 |a Озера  |x Водный режим  |2 stltpush  |3 (RuTPU)RU\TPU\subj\46821  |9 65915 
610 1 |a водный баланс 
610 1 |a приток 
610 1 |a испарения 
610 1 |a растворенные вещества 
610 1 |a температура 
610 1 |a течения 
610 1 |a статистические методы 
675 |a 556.555  |v 3 
702 1 |a Знаменский  |b В. А.  |4 340 
801 0 |a RU  |b 63413507  |c 19950704  |g psbo 
801 1 |a RU  |b 63413507  |c 20150919 
801 2 |a RU  |b 63413507  |c 20191115  |g RCR 
942 |c BK